[Event "Pan American-ch School U15 Girls 12th"]
[Site "Callao"]
[Date "2023.10.16"]
[Round "1"]
[White "Zhunio Guaman, Sofia Morelia"]
[Black "Arenas Lavado, Luciana Andrea"]
[Result "1/2-1/2"]
[WhiteElo "1247"]
[BlackElo "1568"]
[PlyCount "104"]
[EventDate "2023.10.16"]
[EventType "swiss"]
[EventRounds "9"]
[EventCountry "PER"]
[SourceTitle "Mega2024 Update 01"]
[Source "Chessbase"]
[SourceDate "2023.11.12"]
[SourceVersion "1"]
[SourceVersionDate "2023.11.12"]
[SourceQuality "1"]

1. d4 Nf6 2. c4 e6 3. Nc3 Bb4 4. Qc2 d6 5. Nf3 Nbd7 6. e3 b6 7. Be2 Bb7 8. 0-0 Bxc3 9. Qxc3 Ne4 10. Qc2 0-0 11. b3 f5 12. Bb2 Ng5 13. d5 e5 14. b4 Nxf3+ 15. Bxf3 Qe7 16. Ba3 e4 17. Be2 Ne5 18. Rfd1 a5 19. bxa5 Rxa5 20. Bb4 Raa8 21. a4 g5 22. a5 bxa5 23. Rxa5 Rxa5 24. Bxa5 Ra8 25. Bb4 Ba6 26. Ra1 Qe8 27. Ra5 Bb7 28. Qa2 Rxa5 29. Qxa5 Qd7 30. c5 dxc5 31. Qxc5 Qd8 32. d6 cxd6 33. Qxd6 Qxd6 34. Bxd6 Nd3 35. Bd1 Bd5 36. Ba4 Kf7 37. Bd7 Be6 38. Bxe6+ Kxe6 39. Bb8 h5 40. Kf1 f4 41. Ke2 Kf5 42. f3 exf3+ 43. Kxd3 fxg2 44. e4+ Ke6 45. Ba7 g4 46. Bg1 h4 47. Kd4 h3 48. e5 g3 49. Ke4 gxh2 50. Bxh2 f3 51. Kxf3 g1Q 52. Bxg1 Kxe5 1/2-1/2

[Event "PER-ch (Women)"]
[Site "Lima"]
[Date "2023.08.31"]
[Round "4"]
[White "Arenas Lavado, Luciana Andrea"]
[Black "Gomez Gonzales, Fabiana"]
[Result "1-0"]
[WhiteElo "1535"]
[BlackElo "1469"]
[PlyCount "109"]
[EventDate "2023.08.29"]
[EventType "swiss"]
[EventRounds "9"]
[EventCountry "PER"]
[SourceTitle "EXT 2024"]
[Source "ChessBase"]
[SourceDate "2023.10.10"]
[SourceVersion "1"]
[SourceVersionDate "2023.10.10"]
[SourceQuality "1"]

1. e4 e5 2. Nf3 Nc6 3. Bb5 f5 4. d4 fxe4 5. Bxc6 dxc6 6. Nxe5 Nf6 7. 0-0 c5 8. dxc5 Qxd1 9. Rxd1 Bxc5 10. Nc4 Bg4 11. Re1 Be6 12. Ne3 0-0-0 13. b3 Rhf8 14. h3 g5 15. Ba3 Bd6 16. Bxd6 cxd6 17. c4 Nd7 18. Nc3 Nc5 19. Ned5 Bxd5 20. Nxd5 Rde8 21. Re2 Re5 22. Rd1 Rfe8 23. Nc3 R5e6 24. Rd5 Rg8 25. Red2 Rgg6 26. Nb5 Nd3 27. Nxa7+ Kb8 28. Nb5 g4 29. hxg4 Rxg4 30. Rxd6 Rxd6 31. Nxd6 Ne1 32. Kf1 Nxg2 33. Nxe4 Nf4 34. f3 Rh4 35. Kf2 Rh3 36. Ke3 Ng6 37. Rd5 Ne7 38. Rd7 Ng6 39. Nc5 Kc8 40. Rxb7 h5 41. Rb5 Ne5 42. Nd3 Rh2 43. Rxe5 Rxa2 44. Rxh5 Ra3 45. Rh2 Rxb3 46. Kd4 Rb1 47. Kc5 Rg1 48. Ne5 Kb8 49. Kc6 Ka8 50. f4 Ra1 51. Nd7 Ka7 52. Nb6 Ka6 53. Rh8 Ka5 54. Ra8+ Kb4 55. Rxa1 1-0

[Event "PER-ch (Women)"]
[Site "Lima"]
[Date "2023.08.30"]
[Round "3"]
[White "Jimenez Salas, Fabiana"]
[Black "Arenas Lavado, Luciana Andrea"]
[Result "1/2-1/2"]
[WhiteElo "1250"]
[BlackElo "1535"]
[PlyCount "103"]
[EventDate "2023.08.29"]
[EventType "swiss"]
[EventRounds "9"]
[EventCountry "PER"]
[SourceTitle "EXT 2024"]
[Source "ChessBase"]
[SourceDate "2023.10.10"]
[SourceVersion "1"]
[SourceVersionDate "2023.10.10"]
[SourceQuality "1"]

1. e4 e6 2. d4 d5 3. Nc3 Bb4 4. Bd3 dxe4 5. Bxe4 Nf6 6. Bd3 0-0 7. Nf3 Nc6 8. 0-0 h6 9. Ne4 Be7 10. Nxf6+ Bxf6 11. c3 Qd6 12. Bc2 Ne7 13. Be3 b6 14. Qe2 Bb7 15. Rad1 Nf5 16. Qd3 Bxf3 17. gxf3 Qe7 18. Kh1 Rfd8 19. Rg1 Kh8 20. Qd2 Nxe3 21. fxe3 c5 22. Rg3 cxd4 23. exd4 Rd7 24. Rh3 Bg5 25. f4 Bh4 26. Qg2 Rg8 27. Qe4 f5 28. Qf3 g5 29. Qh5 Qh7 30. fxg5 Bxg5 31. Rg1 Rdg7 32. Qe2 Rg6 33. Bb3 Qb7+ 34. Qg2 Qxg2+ 35. Rxg2 Bc1 36. Rhg3 Rxg3 37. Rxg3 Rxg3 38. hxg3 Bxb2 39. Bxe6 Bxc3 40. d5 Be5 41. Kg2 f4 42. gxf4 Bxf4 43. Kf3 Bd6 44. Kg4 Kg7 45. Kf5 h5 46. Kg5 h4 47. Kxh4 Kf6 48. Kh5 Ke5 49. Kg6 b5 50. Kf7 a5 51. Bd7 b4 52. Bc6 1/2-1/2

[Event "PER-ch (Women)"]
[Site "Lima"]
[Date "2023.08.29"]
[Round "1"]
[White "Silva Honores, Luciana Victoria"]
[Black "Arenas Lavado, Luciana Andrea"]
[Result "0-1"]
[WhiteElo "1326"]
[BlackElo "1535"]
[PlyCount "76"]
[EventDate "2023.08.29"]
[EventType "swiss"]
[EventRounds "9"]
[EventCountry "PER"]
[SourceTitle "EXT 2024"]
[Source "ChessBase"]
[SourceDate "2023.10.10"]
[SourceVersion "1"]
[SourceVersionDate "2023.10.10"]
[SourceQuality "1"]

1. e4 e6 2. d4 d5 3. e5 c5 4. c3 Nc6 5. Nf3 Qb6 6. a3 Bd7 7. b4 cxd4 8. cxd4 Nge7 9. Nc3 Nf5 10. Na4 Qd8 11. Be3 Nxe3 12. fxe3 Be7 13. Nc5 Bxc5 14. bxc5 Qa5+ 15. Qd2 Qxd2+ 16. Nxd2 Ke7 17. Rb1 Rhb8 18. Bb5 b6 19. Ke2 bxc5 20. Bxc6 Bxc6 21. dxc5 Rb5 22. Rxb5 Bxb5+ 23. Kf3 Rc8 24. Rc1 Kd7 25. g4 Rc6 26. e4 Ra6 27. Nb1 dxe4+ 28. Kxe4 Ra4+ 29. Kf3 Bc6+ 30. Kg3 Re4 31. Rc3 Rxe5 32. Nd2 Bd5 33. Nf1 Re4 34. Ne3 Kc6 35. h4 f6 36. Kh3 Rf4 37. Kg3 Rf3+ 38. Kh2 Be4 0-1

[Event "Pan American-ch Hybrid U12 Girls 31st"]
[Site "Tornelo INT"]
[Date "2021.09.04"]
[Round "1"]
[White "Arenas Lavado, Luciana Andrea"]
[Black "Duran Cordero, Maria Isabel"]
[Result "1-0"]
[WhiteElo "1368"]
[BlackElo "1005"]
[PlyCount "59"]
[EventDate "2021.09.04"]
[EventType "swiss"]
[EventRounds "9"]
[EventCountry "NET"]
[SourceTitle "EXT 2023"]
[Source "ChessBase"]
[SourceDate "2022.10.05"]
[SourceVersion "1"]
[SourceVersionDate "2022.10.05"]
[SourceQuality "1"]

1. e4 e6 2. d4 d5 3. Nd2 c5 4. exd5 exd5 5. Bb5+ Bd7 6. Bxd7+ Nxd7 7. Ne2 Ngf6 8. 0-0 Be7 9. c4 Qb6 10. cxd5 cxd4 11. Nb3 Nxd5 12. Nexd4 0-0 13. Nf5 Qe6 14. Qxd5 Nf6 15. Qxe6 fxe6 16. Nxe7+ Kh8 17. Bd2 Rfe8 18. Bb4 Rad8 19. Rfe1 Nh5 20. g3 b6 21. Rxe6 a5 22. Rae1 Nf6 23. Bc3 Rf8 24. Bxf6 gxf6 25. Rxb6 a4 26. Nc5 Rd2 27. Nxa4 Rf7 28. Nf5 Rf8 29. Rxf6 Ra8 30. Rfe6 1-0

[Event "Pan American-ch Hybrid U12 Girls 31st"]
[Site "Tornelo INT"]
[Date "2021.09.04"]
[Round "8"]
[White "Arenas Lavado, Luciana Andrea"]
[Black "Ramazzotte, Esther Zilli"]
[Result "0-1"]
[WhiteElo "1368"]
[BlackElo "1277"]
[PlyCount "68"]
[EventDate "2021.09.04"]
[EventType "swiss"]
[EventRounds "9"]
[EventCountry "NET"]
[SourceTitle "EXT 2023"]
[Source "ChessBase"]
[SourceDate "2022.10.05"]
[SourceVersion "1"]
[SourceVersionDate "2022.10.05"]
[SourceQuality "1"]

1. e4 c6 2. d4 d5 3. Nc3 dxe4 4. Nxe4 Nf6 5. Ng5 h6 6. N5f3 Bg4 7. Bd3 e6 8. h3 Bxf3 9. Nxf3 Nbd7 10. c3 c5 11. 0-0 Bd6 12. Be3 0-0 13. Qd2 cxd4 14. cxd4 Re8 15. Bb5 a6 16. Bxd7 Qxd7 17. Bf4 Bxf4 18. Qxf4 Nd5 19. Qe4 Rac8 20. Rac1 Qb5 21. Rc2 Nf6 22. Qe2 Qxe2 23. Rxe2 Rc6 24. Ne5 Rc7 25. f4 Rd8 26. Nf3 Nd5 27. g3 Rdc8 28. Rff2 Nb4 29. a3 Nd3 30. Rg2 Rc1+ 31. Kh2 Rb1 32. b4 Rcc1 33. Rg1 Rxg1 34. Nxg1 Ra1 0-1

[Event "Pan American-ch Hybrid U12 Girls 31st"]
[Site "Tornelo INT"]
[Date "2021.09.04"]
[Round "2"]
[White "Ascama Paredes, Sofia Elvira"]
[Black "Arenas Lavado, Luciana Andrea"]
[Result "1/2-1/2"]
[WhiteElo "1032"]
[BlackElo "1368"]
[PlyCount "68"]
[EventDate "2021.09.04"]
[EventType "swiss"]
[EventRounds "9"]
[EventCountry "NET"]
[SourceTitle "EXT 2023"]
[Source "ChessBase"]
[SourceDate "2022.10.05"]
[SourceVersion "1"]
[SourceVersionDate "2022.10.05"]
[SourceQuality "1"]

1. e4 c5 2. Nf3 e6 3. c3 d5 4. exd5 Qxd5 5. d4 cxd4 6. cxd4 Nc6 7. Nc3 Bb4 8. Bd2 Qd8 9. Bb5 Bd7 10. 0-0 Nf6 11. Bg5 Bxc3 12. bxc3 h6 13. Bxf6 Qxf6 14. Bxc6 Bxc6 15. Ne5 0-0 16. Nxc6 bxc6 17. Rb1 c5 18. Qa4 cxd4 19. Qxd4 Qxd4 20. cxd4 Rfd8 21. Rfd1 Rd5 22. f4 Rad8 23. Rb4 f6 24. Kf2 a5 25. Rc4 Kf7 26. Ke3 f5 27. Rb1 g5 28. g3 g4 29. Rb7+ R8d7 30. Rcc7 Rxc7 31. Rxc7+ Kf6 32. Rc5 Ke7 33. Rc7+ Kd6 34. Rc2 Rb5 1/2-1/2

[Event "Pan American-ch Hybrid U12 Girls 31st"]
[Site "Tornelo INT"]
[Date "2021.09.04"]
[Round "9"]
[White "Castillo Beitia, Ashley Alexandra"]
[Black "Arenas Lavado, Luciana Andrea"]
[Result "1-0"]
[WhiteElo "1543"]
[BlackElo "1368"]
[PlyCount "71"]
[EventDate "2021.09.04"]
[EventType "swiss"]
[EventRounds "9"]
[EventCountry "NET"]
[SourceTitle "EXT 2023"]
[Source "ChessBase"]
[SourceDate "2022.10.05"]
[SourceVersion "1"]
[SourceVersionDate "2022.10.05"]
[SourceQuality "1"]

1. d4 Nf6 2. Bf4 g6 3. e3 Bg7 4. Nf3 0-0 5. Be2 d6 6. c4 Nbd7 7. Nc3 h6 8. h3 b6 9. e4 e5 10. dxe5 Nxe5 11. Nxe5 dxe5 12. Qxd8 Rxd8 13. Bxe5 Bb7 14. f3 c6 15. Rb1 Nd7 16. Bxg7 Kxg7 17. 0-0 a5 18. Rfd1 Nc5 19. b3 Ne6 20. Na4 Nd4 21. Bf1 b5 22. Nc5 Rab8 23. Kf2 b4 24. Rb2 Ne6 25. Rxd8 Nxd8 26. Rd2 Ne6 27. Nxe6+ fxe6 28. Rd7+ Kf6 29. Ke3 e5 30. Rd6+ Kf7 31. c5 h5 32. Bc4+ Kg7 33. Re6 Kh6 34. Rxe5 Kg7 35. Re7+ Kh6 36. f4 1-0

[Event "South America-ch U10 Girls 16th"]
[Site "Buenos Aires"]
[Date "2019.12.03"]
[Round "4.2"]
[White "Adam, Ernestina"]
[Black "Arenas Lavado, Luciana Andrea"]
[Result "1/2-1/2"]
[WhiteElo "1336"]
[BlackElo "1236"]
[PlyCount "64"]
[EventDate "2019.12.01"]
[EventType "swiss"]
[EventRounds "9"]
[EventCountry "ARG"]
[SourceTitle "EXT 2024"]
[Source "ChessBase"]
[SourceDate "2023.10.10"]
[SourceVersion "1"]
[SourceVersionDate "2023.10.10"]
[SourceQuality "1"]

1. e4 c5 2. Nf3 e6 3. d4 cxd4 4. Nxd4 a6 5. Nc3 Qc7 6. Bd3 Nc6 7. Nxc6 bxc6 8. 0-0 Nf6 9. Qe2 d6 10. Bg5 Be7 11. Rae1 e5 12. h3 0-0 13. Kh1 h6 14. Bc1 Bb7 15. f4 Rfe8 16. Qf2 Rad8 17. fxe5 dxe5 18. Ne2 c5 19. Nc3 c4 20. Be2 Bb4 21. Bf3 Bxc3 22. bxc3 Qa5 23. Qg3 Kh8 24. Qh4 Re6 25. g4 Kg8 26. Rg1 Qxc3 27. Re3 Qxc2 28. g5 hxg5 29. Qxg5 g6 30. Re2 Qd3 31. Re3 Qc2 32. Re2 Qd3 1/2-1/2